Statistics for Top 200 UK baby girl names

Click here to take the quiz!

General Stats

  • This quiz has been taken 10,676 times
    (10,674 since last reset)
  • The average score is 97 of 200

Answer Stats

Rank Name % Correct
50EMMA
88%
61ELIZA
87%
2OLIVIA
87%
4EMILY
87%
68ANNA
86%
99SARA
84%
20CHARLOTTE
83%
15SOPHIA
82%
43SOFIA
82%
9SOPHIE
82%
10ISABELLA
81%
183HANNA
81%
42HANNAH
81%
17ISABELLE
81%
38ELIZABETH
81%
98ISOBEL
81%
76ISABEL
81%
3JESSICA
79%
5LILY
79%
150LILLIE
79%
33LILLY
79%
56EMILIA
77%
164EMELIA
77%
78ROSE
77%
1AMELIA
77%
140LAURA
76%
16CHLOE
76%
62AMY
76%
153AIMEE
76%
106VICTORIA
75%
66KATIE
74%
14GRACE
74%
18ELLA
74%
6AVA
73%
108REBECCA
73%
27LUCY
72%
103LAUREN
71%
7MIA
71%
84MOLLIE
70%
39MOLLY
70%
32ALICE
69%
134EVE
69%
196JENNIFER
68%
35ELLIE
67%
91ZOE
66%
162ALEXA
65%
94MARIA
65%
22DAISY
65%
24EVA
65%
54HOLLIE
64%
95SARAH
64%
25HOLLY
64%
44ABIGAIL
64%
13POPPY
63%
55GEORGIA
62%
41MEGAN
62%
79JULIA
61%
48ROSIE
61%
58BELLA
61%
12RUBY
60%
73BETHANY
59%
116ALEXANDRA
58%
8ISLA
57%
125ANNIE
56%
11EVIE
54%
26MILLIE
54%
82MADDISON
54%
75MADISON
54%
119NICOLE
54%
45JASMINE
54%
109ANNABEL
53%
72ANNABELLE
53%
100VIOLET
53%
63ELEANOR
52%
64LEAH
52%
144ZAHRA
51%
67HARRIET
51%
147ALICIA
51%
60AMBER
51%
71ZARA
51%
36ERIN
50%
158SCARLET
50%
57EVELYN
50%
141ANGEL
49%
23LOLA
48%
104MYA
48%
88IVY
48%
192MELISSA
48%
179CLARA
48%
53MAYA
48%
157GEORGINA
47%
111MAISY
46%
132LYLA
46%
118LAILA
46%
132LEILA
46%
101ALEXIS
46%
34FLORENCE
46%
19FREYA
46%
29LAYLA
46%
30MAISIE
46%
28PHOEBE
45%
73FAITH
45%
148MADELEINE
45%
138HOPE
44%
37IMOGEN
43%
40SUMMER
42%
115LARA
42%
52GRACIE
42%
139NAOMI
42%
159NEVE
41%
84NIAMH
41%
69WILLOW
41%
120GABRIELLA
41%
31SIENNA
40%
70ELSIE
40%
51AMELIE
40%
177ELSA
40%
77MARTHA
40%
90FRANCESCA
40%
47MATILDA
40%
124NANCY
39%
97CAITLIN
39%
122IRIS
39%
143INDIA
39%
156ESTHER
39%
96LYDIA
38%
161ALYSSA
38%
168JESSIE
38%
176NINA
38%
135KAYLA
38%
149NATALIA
38%
116TIA
38%
89DARCEY
38%
107DARCY
38%
114BEATRICE
38%
122DARCIE
38%
92TILLY
37%
59BROOKE
37%
167ABBIE
37%
65ESME
37%
165PIPPA
37%
102LEXIE
37%
46LEXI
37%
80PAIGE
36%
112LOTTIE
35%
165YASMIN
35%
49LACEY
35%
136SAVANNAH
35%
172SADIE
34%
146ELISE
34%
188AUTUMN
34%
104SEREN
33%
155ORLA
33%
92KEIRA
33%
169FELICITY
33%
128LOIS
32%
185ELENA
32%
137LENA
32%
86SKYE
31%
110ELOISE
31%
152CONNIE
31%
160MILA
31%
83HEIDI
30%
21SCARLETT
30%
191ALEXIA
30%
173FRANKIE
29%
177ARABELLA
29%
189LUCIA
29%
181TABITHA
28%
196JEMIMA
28%
195MACEY
28%
129ALISHA
28%
127LIBBY
28%
154ROBYN
28%
144FAYE
28%
169BETSY
27%
198SKYLA
27%
113FATIMA
27%
193NADIA
26%
163ANYA
26%
87AISHA
26%
125AALIYAH
25%
81MARYAM
24%
150EDEN
24%
142MILEY
24%
198LACIE
23%
181MACIE
22%
190KHADIJA
22%
121NEVAEH
22%
169BEAU
21%
185ZUZANNA
21%
187AMINA
21%
194AYLA
21%
173AMIRA
20%
129ZAINAB
19%
183MARIAM
19%
200KHADIJAH
19%
175ALEENA
17%
129MAJA
17%
179ANAYA
16%

Score Distribution

Percentile by Number Answered

Percent of People with Each Score

Your Score History

You have not taken this quiz since the last reset